000 00657nam a2200241 i 4500
001 C2-0323983
003 PPAK
005 20180728122428.0
008 970115s enka|||| ||||| | eng d
020 _a0862722012
040 _aPPAK
_beng
_cPPAK
_erda
082 0 4 _a737.6
_223
090 0 0 _a737.6
_bBEA
_dG
100 1 _aBeal, George,
_eauthor
245 1 0 _aStamp collecting
264 1 _aLondon :
_bKingfisher Books ,
300 _a40 pages :
_billustrations ;
_c26 cm.
336 _2rdacontent
_atext
337 _2rdamedia
_aunmediated
338 _2rdacarrier
_avolume
650 1 0 _aPostage stamp - Collectors and collecting.
942 _ddc
_cB
999 _c123982
_d123982